"I'd love to kiss you-- " : (Record no. 1353)

MARC details
000 -LEADER
fixed length control field 00853pam a2200265 a 4500
005 - DATE AND TIME OF LATEST TRANSACTION
control field 20260322212057.0
008 - FIXED-LENGTH DATA ELEMENTS--GENERAL INFORMATION
fixed length control field data
010 ## - LIBRARY OF CONGRESS CONTROL NUMBER
LC control number 90020378
020 ## - INTERNATIONAL STANDARD BOOK NUMBER
International Standard Book Number 156054080X (lg. print : alk. paper)
020 ## - INTERNATIONAL STANDARD BOOK NUMBER
International Standard Book Number 9781560540809 (lg. print : alk. paper)
040 ## - CATALOGING SOURCE
Original cataloging agency DLC
Transcribing agency DLC
Modifying agency DLC
043 ## - GEOGRAPHIC AREA CODE
Geographic area code n-us---
050 10 - LIBRARY OF CONGRESS CALL NUMBER
Classification number PN2287.D32
Item number S67 1990b
082 00 - DEWEY DECIMAL CLASSIFICATION NUMBER
Classification number B
-- B
Edition information 20
001 - CONTROL NUMBER
control field data
100 1# - MAIN ENTRY--PERSONAL NAME
Personal name Stine, Whitney,
Dates associated with a name 1930-
245 10 - TITLE STATEMENT
Title "I'd love to kiss you-- " :
Remainder of title conversations with Bette Davis /
Statement of responsibility, etc. Whitney Stine & Bette Davis.
250 ## - EDITION STATEMENT
Edition statement Thorndike large print.
260 ## - PUBLICATION, DISTRIBUTION, ETC.
Place of publication, distribution, etc. Thorndike, Me. :
Name of publisher, distributor, etc. Thorndike Press,
Date of publication, distribution, etc. 1991.
300 ## - PHYSICAL DESCRIPTION
Extent 448 p. :
Other physical details ports. ;
Dimensions 23 cm.
600 10 - SUBJECT ADDED ENTRY--PERSONAL NAME
Personal name Davis, Bette,
Dates associated with a name 1908-1989.
650 #0 - SUBJECT ADDED ENTRY--TOPICAL TERM
Topical term or geographic name entry element Motion picture actors and actresses
Geographic subdivision United States
General subdivision Biography.
650 #0 - SUBJECT ADDED ENTRY--TOPICAL TERM
Topical term or geographic name entry element Large type books.
700 1# - ADDED ENTRY--PERSONAL NAME
Personal name Davis, Bette,
Dates associated with a name 1908-1989.
Holdings
Withdrawn status Lost status Damaged status Not for loan Home library Current library Shelving location Date acquired Total checkouts Full call number Barcode Date last seen Price effective from Koha item type
        Franklin Franklin General stacks 22/03/2026   791.43/028/092 B 20 BC0011397 22/03/2026 22/03/2026 Books